Class and class conflict in industrial society

সংরক্ষণ করুন:
গ্রন্থ-পঞ্জীর বিবরন
প্রধান লেখক: Dahrendorf, Ralf
বিন্যাস: গ্রন্থ
ভাষা:Undetermined
প্রকাশিত: London Routledge ^ Kegan Paul 1959
বিষয়গুলি:
ট্যাগগুলো: ট্যাগ যুক্ত করুন
কোনো ট্যাগ নেই, প্রথমজন হিসাবে ট্যাগ করুন!
Thư viện lưu trữ: Trung tâm Học liệu Trường Đại học Cần Thơ
LEADER 00514nam a2200181Ia 4500
001 CTU_108838
008 210402s9999 xx 000 0 und d
082 |a 301.44 
082 |b D131 
100 |a Dahrendorf, Ralf 
245 0 |a Class and class conflict in industrial society 
245 0 |c Ralf Dahrendorf 
260 |a London 
260 |b Routledge ^ Kegan Paul 
260 |c 1959 
650 |a Social conflict,Industrial relations 
904 |i Truc 
980 |a Trung tâm Học liệu Trường Đại học Cần Thơ